[Event "45th Olympiad 2024"]
[Site "Budapest HUN"]
[Date "2024.09.15"]
[Round "5.42"]
[Board "1"]
[White "Espinoza Solano, Jose Nahum"]
[Black "Greet, Andrew N"]
[Result "1/2-1/2"]
[WhiteElo "2156"]
[BlackElo "2405"]
[PlyCount "115"]
[EventDate "2024.09.11"]
[WhiteTeam "Nicaragua"]
[BlackTeam "Scotland"]
[WhiteTeamCountry "NCA"]
[BlackTeamCountry "SCO"]

1. e4 e6 2. d4 d5 3. exd5 exd5 4. Bd3 Nc6 5. c3 Bd6 6. Nf3 Nge7 7. O-O O-O 8. Re1 Bf5 9. Bxf5 Nxf5 10. Nbd2 Qd7 11. Nf1 Rae8 12. Rxe8 Rxe8 13. Qd3 Nd8 $146 ({RR} 13... f6 14. Ng3 Nxg3 15. hxg3 a6 16. a4 Ne7 17. Bd2 Qf5 18. Qxf5 Nxf5 19. Kf1 Kf7 20. Re1 Rxe1+ 21. Bxe1 c6 22. Ke2 h5 23. Kd3 g5 24. b3 g4 25. Nh2 Ke6 26. c4 b5 27. axb5 axb5 28. Nf1 {½-½ Olenik Campa,R (2299)-Gutkin,I (2289) Titled Tue 26th Dec Early 2023 (4)}) 14. Bd2 f6 15. Re1 Rxe1 16. Bxe1 c6 17. Ne3 Nxe3 18. Qxe3 Kf7 19. Qd3 g6 20. h3 Qe6 21. Bd2 h5 22. Kf1 b5 23. Be3 a6 24. Nd2 Kg7 25. Nf3 Nf7 26. b3 Qe4 27. Ne1 f5 28. f3 Qe7 29. Qd2 g5 30. Nd3 f4 31. Bf2 Qf6 32. Nc5 Bxc5 33. dxc5 Qf5 34. Bd4+ Kf8 35. Qe2 Nd8 36. Kg1 Ne6 37. a4 Kf7 38. Kh2 Kg6 39. axb5 axb5 40. b4 Kh6 41. Qe1 Kh7 42. Qe2 Kg6 43. Kh1 Kf7 44. Kh2 Nf8 45. Qe1 Ng6 46. Qe2 Ne7 47. Kg1 Qe6 48. Qxe6+ Kxe6 49. Kf2 Kf5 50. Kf1 Ng6 51. Ke2 Nf8 52. Kf1 Ne6 53. Kf2 g4 54. hxg4+ hxg4 55. Kf1 Nxd4 56. cxd4 Kg5 57. Kg1 Kh5 58. Kh1 1/2-1/2

[Event "45th Olympiad 2024"]
[Site "Budapest HUN"]
[Date "2024.09.15"]
[Round "5.42"]
[Board "2"]
[White "Olson, Hamish"]
[Black "Alfaro, William"]
[Result "1-0"]
[WhiteElo "2384"]
[BlackElo "2133"]
[PlyCount "87"]
[EventDate "2024.09.11"]
[WhiteTeam "Scotland"]
[BlackTeam "Nicaragua"]
[WhiteTeamCountry "SCO"]
[BlackTeamCountry "NCA"]

1. d4 Nf6 2. Nf3 g6 3. g3 Bg7 4. Bg2 O-O 5. O-O c5 6. c4 d6 7. b3 cxd4 8. Nxd4 Nc6 9. Bb2 Bd7 10. Nc3 Qa5 11. Nc2 Ng4 12. Qd2 Qh5 13. h3 Nf6 14. Nd5 Bxh3 15. Nf4 $146 ({RR} 15. Bxf6 Bxf6 16. Nxf6+ exf6 17. Ne3 Bxg2 18. Kxg2 Qe5 19. Rad1 Rad8 20. Rh1 h5 21. Rh4 Kg7 22. Qc2 f5 23. a3 Rh8 24. b4 Ne7 25. Rhd4 h4 26. Rxh4 Rxh4 27. gxh4 Rh8 28. Rh1 Qd4 29. Qd1 Qe4+ {0-1 Koneru,H (2244)-Saravanan,V (2412) Chalapathi GM 2000 (1)}) 15... Qg5 16. Bxh3 e5 17. Rad1 Ne4 18. Qd5 Nf6 19. Qf3 exf4 20. Qxf4 Qh5 21. Bxf6 Qxh3 22. Bxg7 Kxg7 23. Rxd6 Rae8 24. Qf3 Re5 25. Nd4 Rh5 26. Qg2 Qg4 27. Nxc6 bxc6 28. e3 Qe2 29. Qxc6 Qxa2 30. b4 a5 31. bxa5 Rxa5 32. Qe4 Qa3 33. Qd4+ Kg8 34. Rd8 h5 35. Rb1 Ra8 36. Rxf8+ Qxf8 37. Rb7 Rd8 38. Qe4 Qc5 39. Re7 Kf8 40. Re5 Qb4 41. Rd5 Rc8 42. Qd4 Rxc4 43. Qh8+ Ke7 44. Qe5+ 1-0

[Event "45th Olympiad 2024"]
[Site "Budapest HUN"]
[Date "2024.09.15"]
[Round "5.42"]
[Board "3"]
[White "Rocha, Maximiliano"]
[Black "Abdulla, Murad"]
[Result "0-1"]
[WhiteElo "2156"]
[BlackElo "2312"]
[PlyCount "56"]
[EventDate "2024.09.11"]
[WhiteTeam "Nicaragua"]
[BlackTeam "Scotland"]
[WhiteTeamCountry "NCA"]
[BlackTeamCountry "SCO"]

1. e4 c5 2. Nf3 e6 3. Nc3 a6 4. a4 Nc6 5. Bc4 Nf6 6. Qe2 Qc7 ({RR} 6... d6 7. d3 Be7 8. O-O O-O 9. e5 dxe5 10. Nxe5 Nd4 11. Qd1 b6 12. Be3 Bb7 13. f4 Bd6 14. Rf2 Kh8 15. g4 Qc7 16. h3 Bxe5 17. fxe5 Nd7 18. Bf4 Nxe5 19. Kh2 g5 20. Bg3 f5 21. gxf5 {0-1 Christensen,B (2150)-Fressinet,L (2677) Helsingor Xtracon op 2016 (2)}) 7. O-O ({RR} 7. d3 Bd6 8. h3 Nd4 9. Qd1 Bf4 10. Bxf4 Qxf4 11. Nxd4 cxd4 12. Ne2 Qg5 13. O-O e5 14. f4 exf4 15. Nxf4 d6 16. Qf3 O-O 17. Qf2 Qc5 18. Bb3 Bd7 19. Ne2 Qg5 20. Kh1 d5 21. exd5 Rae8 {1-0 Xheladini,M (2073)-Vidmar,K (1897) Balkan & Prishtina Open 2024 (5.20)}) 7... d6 8. d3 h6 $146 ({RR} 8... Be7 9. h3 O-O 10. Bd2 b6 11. Ba2 Bb7 12. Rae1 Nd7 13. Qd1 Rfe8 14. Ng5 Nd4 15. Ne2 b5 16. c3 Nxe2+ 17. Rxe2 Ne5 18. Bc1 c4 19. dxc4 bxc4 20. Bb1 h6 21. Nf3 Nxf3+ 22. gxf3 Qa5 23. f4 {0-1 Xheladini,M (2213)-Drabke,L (2453) SUI-chT Switzerland 2004 (7.5)}) ({RR} 8... Be7 9. Be3 O-O 10. d4 cxd4 11. Nxd4 Ne5 12. Bb3 Neg4 13. Bg5 d5 14. g3 e5 15. Nf3 dxe4 16. Nxe4 h6 17. Bd2 Nxe4 18. Qxe4 Bd6 19. Rad1 Kh8 20. Bc3 Re8 21. Nh4 Nf6 22. Qc4 Bg4 23. f3 {0-1 Lachmann,U (2192)-Suhl,D (2325) Berlin-ch 2001 (2)}) ({RR} 8... Be7 9. h3 O-O 10. Bf4 Bd7 11. Bh2 Nd4 12. Nxd4 cxd4 13. Nd1 Qc5 14. Bb3 b5 15. c3 Rab8 16. cxd4 Qxd4 17. e5 Ne8 18. a5 Qb4 19. Bc2 Rc8 20. b3 d5 21. Ne3 d4 22. Nd1 Nc7 23. f4 {0-1 Methmali,Y (1895)-Pourkashiyan,A (2329) Asia Classical (Women) 15th 2006 (1)}) 9. Be3 Be7 10. Bb3 O-O 11. d4 cxd4 12. Nxd4 Na5 13. Ba2 Bd7 14. f4 Rac8 15. Rad1 Nc4 16. Bc1 e5 17. fxe5 dxe5 18. Nf5 Bxf5 19. Rxf5 Nxb2 20. Nd5 Nxd5 21. Rxd5 Qxc2 22. Qxc2 Rxc2 23. Rf1 Rfc8 24. Bd2 Nc4 25. Bxc4 R8xc4 26. Rb1 Rxa4 27. Rxb7 Ra1+ 28. Kf2 Bg5 0-1

[Event "45th Olympiad 2024"]
[Site "Budapest HUN"]
[Date "2024.09.15"]
[Round "5.42"]
[Board "4"]
[White "Gourlay, Iain"]
[Black "Sanchez, Steven"]
[Result "1-0"]
[WhiteElo "2296"]
[BlackElo "2072"]
[PlyCount "113"]
[EventDate "2024.09.11"]
[WhiteTeam "Scotland"]
[BlackTeam "Nicaragua"]
[WhiteTeamCountry "SCO"]
[BlackTeamCountry "NCA"]

1. Nf3 d5 2. g3 Nc6 3. d4 Bf5 4. Bg2 Qd7 5. O-O f6 6. c4 e6 7. Nc3 ({RR} 7. a3 O-O-O 8. Nc3 dxc4 9. Qa4 a6 10. Rd1 Nge7 11. e4 Bg4 12. Be3 Qe8 13. Rd2 f5 14. d5 exd5 15. exd5 Bxf3 16. dxc6 Bxc6 17. Rxd8+ Qxd8 18. Qxc4 Bxg2 19. Rd1 Qe8 20. Qe6+ Kb8 21. Kxg2 Qc6+ {1-0 Leong,A (1797)-Soberov,E (2266) Banff Open 2023 (5.5)}) 7... Nge7 8. Qa4 g5 9. b4 $146 ({RR} 9. Rd1 Bg7 10. b4 Nd8 11. b5 Nf7 12. Nd2 c6 13. Ba3 O-O 14. bxc6 bxc6 15. cxd5 exd5 16. Bxe7 Qxe7 17. Qxc6 Rac8 18. Nxd5 Qxe2 19. Qb7 Kh8 20. Ne3 Bc2 21. Bf3 Nd6 22. Qxc8 {1-0 Godart,F (2411)-Cappon,J (2197) Charleroi op 2017 (2)}) 9... g4 10. cxd5 Nxd5 11. Nxd5 exd5 12. b5 Ne7 13. Nd2 a6 14. e4 dxe4 15. Nxe4 Bxe4 16. Bxe4 Rd8 17. Qc2 axb5 18. Ba3 Kf7 19. Rfe1 Nc6 20. Bb2 Nb4 21. Qb1 Re8 22. d5 Bd6 23. Re3 Kg7 24. Bf5 Qf7 25. Re4 Rxe4 26. Qxe4 h5 27. Be6 Qg6 28. Bf5 Qf7 29. Ba3 Qxd5 30. Qxd5 Nxd5 31. Bxd6 cxd6 32. Rd1 Ne7 33. Be6 Rd8 34. Rb1 f5 35. Rxb5 Kf6 36. Bb3 Rd7 37. Kf1 Rc7 38. Ke1 Rd7 39. Kd2 Ng6 40. Bd5 f4 41. Rxb7 Rxb7 42. Bxb7 h4 43. a4 fxg3 44. fxg3 Ne5 45. Ke3 hxg3 46. hxg3 Ke7 47. Bd5 Kd7 48. Kf4 Kc7 49. Be6 Nd3+ 50. Kxg4 Nc5 51. Kf5 d5 52. Bxd5 Kd6 53. Bc4 Nxa4 54. g4 Ke7 55. g5 Kf8 56. Kg6 Nc5 57. Kh6 1-0

[Event "45th Olympiad 2024"]
[Site "Budapest HUN"]
[Date "2024.09.15"]
[Round "5.43"]
[Board "1"]
[White "Tran, Thanh Tu"]
[Black "Juarez Flores, Carlos A."]
[Result "1-0"]
[WhiteElo "2387"]
[BlackElo "2308"]
[PlyCount "81"]
[EventDate "2024.09.11"]
[WhiteTeam "Japan"]
[BlackTeam "Guatemala"]
[WhiteTeamCountry "JPN"]
[BlackTeamCountry "GUA"]

1. d4 d5 2. c4 e6 3. Nf3 Be7 4. e3 Nf6 5. Nc3 O-O 6. b3 c5 7. dxc5 Bxc5 8. Bb2 Nc6 9. a3 a6 10. b4 Ba7 11. Qc2 Qe7 12. Rd1 Rd8 13. Be2 dxc4 14. Rxd8+ Qxd8 15. Bxc4 b5 16. Bd3 Bb7 17. Ne4 Nd5 18. Nc5 Bxc5 19. Bxh7+ Kh8 20. bxc5 f5 $146 ({RR} 20... Qa5+ 21. Nd2 Rd8 22. Ke2 b4 23. Ra1 Nc3+ 24. Kf1 Qb5+ 25. Kg1 Rxd2 26. Qxd2 Kxh7 27. Bxc3 bxc3 28. Qc2+ g6 29. Rb1 Qxc5 30. Rxb7 Na5 31. Rxf7+ Kh6 32. Rf6 Qg5 33. Rxe6 Qg4 34. Rxa6 Nb3 35. h3 {1-0 Van den Broeck,H-Lambert,H EU Club-Cup Salzburg 1954 (7.4)}) 21. Bg6 Qa5+ 22. Nd2 Qa4 23. Qxa4 bxa4 24. Nc4 a5 25. Ne5 Nxe5 26. Bxe5 Ne7 27. Bh5 Kg8 28. Bf3 Nd5 29. Kd2 Rd8 30. Bd6 Kf7 31. Rb1 Bc6 32. Kd3 e5 33. Kc4 e4 34. Be2 Ke6 35. Kd4 Kd7 36. Bc4 Nf6 37. Ke5 Ng4+ 38. Kxf5 Nxf2 39. Be6+ Ke8 40. Rf1 Nd3 41. Kg6 1-0

[Event "45th Olympiad 2024"]
[Site "Budapest HUN"]
[Date "2024.09.15"]
[Round "5.43"]
[Board "2"]
[White "Giron Chavez, David Emanuel"]
[Black "Nanjo, Ryosuke"]
[Result "0-1"]
[WhiteElo "2065"]
[BlackElo "2372"]
[PlyCount "74"]
[EventDate "2024.09.11"]
[WhiteTeam "Guatemala"]
[BlackTeam "Japan"]
[WhiteTeamCountry "GUA"]
[BlackTeamCountry "JPN"]

1. e4 c5 2. Nf3 d6 3. d4 cxd4 4. Nxd4 Nf6 5. f3 e5 6. Nb3 Be6 7. c4 Nc6 ({RR} 7... a5 8. Be3 Be7 9. Be2 a4 10. N3d2 Qa5 11. Nc3 O-O 12. O-O Bd8 13. Nb5 Bb6 14. Bf2 Nc6 15. Nb1 Ne8 16. N1c3 Bc5 17. Kh1 a3 18. bxa3 Nc7 19. Rb1 Nxb5 20. Nxb5 Bxf2 21. Rxf2 Qb6 22. Qg1 {½-½ Ponomariov,R (2695)-Polgar,J (2732) Sofia MTel Masters 1st 2005 (2)}) 8. Be3 Be7 9. Qd2 $146 ({RR} 9. Nc3 O-O 10. Be2 a6 11. O-O Rc8 12. Qd2 Nd7 13. Nd5 Nc5 14. Rfd1 Bxd5 15. Qxd5 Ne6 16. Bf1 Qc7 17. Qd2 Rfd8 18. Kh1 b6 19. Rac1 h6 20. g3 Bg5 21. f4 Bf6 22. Bh3 Rb8 23. Qf2 Nc5 {1-0 Zawadzka,J (2449)-Ivanenko,O (2252) EU-ch (Women) 18th 2017 (7)}) ({RR} 9. Nc3 Rc8 10. Qd2 O-O 11. Nd5 Qd7 12. Bd3 Ne8 13. O-O f5 14. exf5 Bxf5 15. Bxf5 Qxf5 16. Bxa7 Qe6 17. Be3 Nf6 18. Rad1 Rfd8 19. Bb6 Rd7 20. Nc5 Qxd5 21. cxd5 dxc5 22. dxc6 Rxd2 23. cxb7 Rxg2+ {1-0 Kang,D (2194)-Chunchu,A (1886) Ontario Open 2024 (2.11)}) ({RR} 9. Nc3 O-O 10. Qd2 a6 11. Be2 Qc7 12. Rc1 Qd8 13. O-O Ne8 14. Nd5 f5 15. Bd3 f4 16. Bb6 Qd7 17. Bf2 Qd8 18. Na1 Bf6 19. b4 Bxd5 20. cxd5 Nd4 21. Nc2 Nxc2 22. Rxc2 Bh4 23. Rfc1 Bxf2+ {0-1 Jiang,T (1381)-Kirtadze,A (1532) Wch U10 Girls 2019 (11)}) ({RR} 9. Be2 a5 10. Nc3 a4 11. Nd2 a3 12. b3 O-O 13. Nb5 Nh5 14. O-O Bg5 15. Bf2 Bf4 16. Re1 Qg5 17. Nf1 {½-½ Shcherbakov,R (2555)-Sundararajan,K (2452) Pune op 2004 (5)}) 9... a5 10. Na3 a4 11. Nc1 d5 12. Nd3 dxe4 13. Nc5 Qxd2+ 14. Kxd2 exf3 15. Nxe6 fxe6 16. gxf3 Rd8+ 17. Ke2 Nh5 18. Bh3 Nd4+ 19. Kf2 Bh4+ 20. Kg2 Rf8 21. Rhd1 Nf4+ 22. Bxf4 Rxf4 23. Rd3 Ke7 24. Nb5 e4 25. Nxd4 Rxd4 26. Re3 Rd2+ 27. Kh1 Rxf3 28. Rxf3 exf3 29. Bg4 Rf2 30. Rb1 g6 31. a3 h5 32. Bh3 g5 33. Bf1 g4 34. Kg1 Rd2 35. b3 axb3 36. Rxb3 Bf2+ 37. Kh1 Rd1 0-1

[Event "45th Olympiad 2024"]
[Site "Budapest HUN"]
[Date "2024.09.15"]
[Round "5.43"]
[Board "3"]
[White "Aoshima, Mirai"]
[Black "Galvez Dastin, Eduardo"]
[Result "1-0"]
[WhiteElo "2385"]
[BlackElo "2100"]
[PlyCount "145"]
[EventDate "2024.09.11"]
[WhiteTeam "Japan"]
[BlackTeam "Guatemala"]
[WhiteTeamCountry "JPN"]
[BlackTeamCountry "GUA"]

1. d4 d5 2. Nf3 Nf6 3. c4 c6 4. Nc3 e6 5. Qb3 dxc4 6. Qxc4 b5 7. Qd3 b4 8. Na4 ({RR} 8. Ne4 Ba6 9. Qc2 Nxe4 10. Qxe4 Be7 11. g3 O-O 12. Bg2 Qd5 13. Qc2 Qb5 14. Ne5 Bf6 15. Bf4 Rc8 16. Rd1 Bxe5 17. dxe5 Qc4 18. Rd2 Qxa2 19. Be4 h6 20. O-O Bc4 21. Rd4 Bd5 22. Bxd5 exd5 {1-0 Gareyev,T (2610)-Van Wely,L (2675) World op 39th 2011 (8)}) ({RR} 8. Ne4 a5 9. Bg5 Be7 10. Bxf6 Bxf6 11. Rc1 Ba6 12. Nxf6+ Qxf6 13. Qc2 O-O 14. g3 Nd7 15. Bg2 Rac8 16. O-O c5 17. dxc5 Nxc5 18. Rfe1 Nd3 19. exd3 Rxc2 20. Rxc2 Bxd3 21. Rd2 Bc4 22. Ne5 Bxa2 {0-1 Emeliantsev,A (2359)-Bilan,D (2303) Titled Tue 28th May Late 2024 (3)}) 8... Nbd7 9. g3 $146 ({RR} 9. e4 Qa5 10. b3 Bb7 11. e5 Nd5 12. Be2 N7b6 13. Nxb6 axb6 14. Bd2 Nc3 15. Bxc3 bxc3 16. O-O Ba3 17. Ng5 h6 18. Ne4 Ba6 19. Qc2 Bxe2 20. Qxe2 O-O 21. Rad1 Be7 22. Rd3 Qxa2 23. Qxa2 Rxa2 {½-½ Fiodorov,M (2230)-Polyakov,M (2283) Geller Memorial op-A 4th 2008 (5)}) 9... Qa5 10. b3 Ba6 11. Qd1 c5 12. Bg2 Rc8 13. O-O Be7 14. a3 Qb5 15. dxc5 Nxc5 16. Nd4 Qd7 17. axb4 Nce4 18. Nc5 Nxc5 19. bxc5 Bxc5 20. Rxa6 Bxd4 21. Ba3 Bb6 22. Qa1 Qb5 23. Bd6 h5 24. Qa4 Qd7 25. h3 Rh6 26. Rd1 Rg6 27. e3 Qxa4 28. bxa4 Rg5 29. Bf1 Ne4 30. Bb4 Nc3 31. Ra1 Nd5 32. Bb5+ Kd8 33. Rd1 Kc7 34. Bd2 Re5 35. a5 Bc5 36. Rc6+ Kb8 37. Rc1 Rxc6 38. Bxc6 Bb4 39. Bxb4 Nxb4 40. Be8 Nd3 41. Rc3 Nc5 42. Bxf7 Ne4 43. Rb3+ Kc7 44. Bg6 Nc5 45. Rb4 Rg5 46. Be8 Kd8 47. Bb5 Kc7 48. Kg2 Nb7 49. a6 Nc5 50. Be2 Rd5 51. Rf4 g5 52. Rc4 Kb6 53. Rb4+ Kc7 54. Rb5 Kc6 55. Rb2 Kc7 56. Bxh5 Nxa6 57. Bf3 Rd7 58. Rb5 Kd6 59. Rxg5 Nc5 60. Rg8 Kc7 61. h4 e5 62. h5 e4 63. Bg4 Rh7 64. Bf5 Rxh5 65. g4 Rh6 66. g5 Rh5 67. Bg4 Rh4 68. Kg3 Rh1 69. g6 Nd3 70. Rc8+ Kb6 71. g7 Rg1+ 72. Kh4 Nxf2 73. g8=Q 1-0

[Event "45th Olympiad 2024"]
[Site "Budapest HUN"]
[Date "2024.09.15"]
[Round "5.43"]
[Board "4"]
[White "Aragon Trujillo, Ricardo M."]
[Black "Kojima, Shinya"]
[Result "0-1"]
[WhiteElo "2057"]
[BlackElo "2299"]
[PlyCount "130"]
[EventDate "2024.09.11"]
[WhiteTeam "Guatemala"]
[BlackTeam "Japan"]
[WhiteTeamCountry "GUA"]
[BlackTeamCountry "JPN"]

1. e4 c6 2. Nf3 d5 3. Nc3 dxe4 4. Nxe4 Nf6 5. Nxf6+ exf6 6. d4 Bd6 7. Be2 O-O 8. O-O Re8 9. Re1 Nd7 10. c4 Nf8 11. h3 Be6 12. Be3 Qd7 13. Rc1 Ng6 14. Bf1 a5 $146 ({RR} 14... Rad8 15. Qd2 Bb8 16. Qb4 Qc7 17. g3 h5 18. d5 Bf5 19. d6 Rxd6 20. Bf4 Rxe1 21. Bxd6 Rxf1+ 22. Rxf1 Qxd6 23. Qxd6 Bxd6 24. Rd1 Bc7 25. Kg2 Be4 26. Rd4 f5 27. Rd7 Bxf3+ {0-1 Gagare,S (2100)-Abdrlauf,E (2328) Rilton Cup 49th 2019 (3)}) 15. a4 Re7 16. b3 Rd8 17. Bd2 Bc7 18. b4 axb4 19. Bxb4 Bd6 20. Bxd6 Qxd6 21. Rb1 Qb8 22. Qb3 Qa7 23. Ra1 Qa5 24. Reb1 Bf5 25. Qb6 Ra8 26. Qxa5 Rxa5 27. Rb2 h6 28. Nd2 Ra7 29. Rb4 Nf4 30. a5 Ne2+ 31. Bxe2 Rxe2 32. Nf1 Be6 33. Ne3 Rd2 34. c5 f5 35. Nf1 Rc2 36. Ne3 Rd2 37. Nf1 Re2 38. Ne3 f4 39. Kf1 Ra2 40. Rxa2 Bxa2 41. Nf5 Be6 42. Nd6 Rxa5 43. Nxb7 Ra1+ 44. Ke2 Ra2+ 45. Kf1 f3 46. gxf3 Bxh3+ 47. Kg1 Be6 48. Nd6 Bd5 49. Rb6 Bxf3 50. Rb8+ Kh7 51. Nxf7 Bd5 52. Ne5 h5 53. Rf8 h4 54. f3 Rd2 55. Rf4 g5 56. Rg4 Kh6 57. Rg2 Rxd4 58. Kh2 Rf4 59. Rf2 Kh5 60. Rb2 Bxf3 61. Rb6 g4 62. Nxf3 Rxf3 63. Rxc6 Rf2+ 64. Kg1 Rc2 65. Rc8 h3 0-1

[Event "45th Olympiad 2024"]
[Site "Budapest HUN"]
[Date "2024.09.15"]
[Round "5.44"]
[Board "1"]
[White "Pace, Colin"]
[Black "Khoroshev, Nikita"]
[Result "0-1"]
[WhiteElo "2186"]
[BlackElo "2355"]
[PlyCount "60"]
[EventDate "2024.09.11"]
[WhiteTeam "Malta"]
[BlackTeam "Kyrgyzstan"]
[WhiteTeamCountry "MLT"]
[BlackTeamCountry "KGZ"]

1. e4 e5 2. Nf3 Nc6 3. Bc4 Nf6 4. d3 Bc5 5. O-O d6 6. c3 Bb6 7. h3 h6 8. Re1 O-O 9. Nbd2 Nh5 ({RR} 9... Ne7 10. Nf1 Ng6 11. d4 Re8 12. Ng3 c6 13. Bf1 Be6 14. a4 Bc7 15. c4 exd4 16. Nxd4 Bc8 17. Ra3 a6 18. Bd2 d5 19. exd5 cxd5 20. Rxe8+ Qxe8 21. cxd5 Nxd5 22. Qf3 Nf6 23. Ndf5 Bxf5 24. Qxf5 {1-0 Chelushkina,I (2134)-Vujovic,V (2154) 18th ch-SRB Women 2024 (3.2)}) ({RR} 9... a6 10. Bb3 Be6 11. Bc2 Ne7 12. d4 Ng6 13. Nf1 c6 14. Ng3 Bc7 15. Nf5 Nh7 16. Nh2 Bxf5 17. exf5 Nf4 18. g3 Nd5 19. Ng4 exd4 20. Qxd4 Ndf6 21. Be3 Nxg4 22. hxg4 d5 23. Kg2 Re8 24. Qd2 {1-0 Pace,C (2172)-Shrestha,K (2099) Olympiad-42 Baku 2016 (5.1)}) 10. Nf1 Qf6 11. Be3 Nf4 12. Bxb6 $146 ({RR} 12. Bxf4 exf4 13. d4 g5 14. N1h2 Re8 15. a4 Kg7 16. b4 a6 17. Ra2 Qg6 18. e5 Bf5 19. a5 Ba7 20. Rae2 f6 21. exf6+ Kxf6 22. Ng4+ Bxg4 23. hxg4 Rxe2 24. Qxe2 Kg7 25. d5 Nd8 26. Bd3 Qf6 {1-0 Karacsony,A (2298)-Kevei,P (2162) HUN-chT2 0102 2001 (10)}) ({RR} 12. Ng3 g5 13. Nh2 Qg6 14. b4 Kh7 15. a4 Ne7 16. a5 Bxe3 17. fxe3 Ne6 18. Rf1 Ng7 19. Ra2 Be6 20. Raf2 Ng8 21. Ng4 f6 22. Bxe6 Nxe6 23. d4 h5 24. Nh2 Ng7 25. d5 h4 26. Nf5 Nxf5 {½-½ Perus,D (2255)-Pesec,F (2148) SLO-chT1 East 2013 (1)}) 12... axb6 13. Ne3 Be6 14. Kh2 Na5 15. Bd5 c5 16. Ng1 Nc6 17. g3 Nxd5 18. exd5 Qxf2+ 19. Kh1 Bd7 20. Re2 Qxg3 21. dxc6 Bxc6+ 22. Ng2 f5 23. d4 f4 24. d5 Bb5 25. c4 Bxc4 26. Rc2 Bd3 27. Rc3 f3 28. Ne1 Be4 29. Nexf3 Rxf3 30. Nxf3 Rf8 0-1

[Event "45th Olympiad 2024"]
[Site "Budapest HUN"]
[Date "2024.09.15"]
[Round "5.44"]
[Board "2"]
[White "Orozbaev, Eldiyar"]
[Black "Darmanin, Jake"]
[Result "1-0"]
[WhiteElo "2376"]
[BlackElo "2119"]
[PlyCount "81"]
[EventDate "2024.09.11"]
[WhiteTeam "Kyrgyzstan"]
[BlackTeam "Malta"]
[WhiteTeamCountry "KGZ"]
[BlackTeamCountry "MLT"]

1. e4 e5 2. Nf3 Nc6 3. Bb5 a6 4. Ba4 d6 5. Bxc6+ bxc6 6. d4 exd4 7. Nxd4 c5 8. Ne2 Bb7 ({RR} 8... g6 9. Nbc3 Bg7 10. O-O Ne7 11. Bg5 h6 12. Bh4 g5 13. Bg3 f5 14. f4 Bb7 15. Qd2 Qd7 16. fxg5 O-O-O 17. g6 Rdf8 18. exf5 Rxf5 19. Nf4 Rhf8 20. Nce2 Qc6 21. Rf3 Kb8 22. Raf1 Qa4 23. b3 {0-1 Naiditsch,A (2691)-Kapnisis,S (2514) GRE-chT Div-A 38th 2010 (1)}) ({RR} 8... g6 9. Bd2 Bg7 10. Bc3 Nf6 11. e5 Ne4 12. exd6 Nxc3 13. Nbxc3 cxd6 14. O-O Rb8 15. b3 O-O 16. Nd5 Bxa1 17. Qxa1 f6 18. Nef4 Rb7 19. c4 Rbf7 20. h3 Re8 21. Rd1 Bb7 22. Qc3 Re5 23. Qd3 {0-1 Riff,V (2367)-Dardha,D (2621) Titled Tue 6th Feb Late 2024 (6)}) 9. Nbc3 Nf6 10. Ng3 g6 11. h4 $146 ({RR} 11. O-O Bg7 12. Bf4 Nd7 13. Qd2 h5 14. Rfe1 Ne5 15. b3 h4 16. Nge2 h3 17. Bxe5 Bxe5 18. g3 Qd7 19. Rad1 Qg4 20. Qe3 O-O-O 21. Nd5 Rdf8 22. c3 Rh7 23. b4 f5 24. f3 Qh5 25. Nef4 Qh6 {½-½ Ramaswamy,A (2035)-Rapcsak,A (2060) Wch U18 Girls 1998 (7)}) ({RR} 11. O-O Bg7 12. Re1 O-O 13. Be3 Re8 14. f3 Nd7 15. Qd2 Nb6 16. b3 Qd7 17. Rad1 Rad8 18. Bg5 Rc8 19. Bh6 Qe6 20. Bxg7 Kxg7 21. Nce2 Qf6 22. c4 Rcd8 23. Nf4 Qe5 24. Nd3 Qd4+ 25. Kh1 h6 {1-0 Navarro Ariza,J (1904)-Vilca Contreras,D (1489) ch-PER 2023 Lima PER (6.12)}) 11... Qe7 12. Bg5 Bg7 13. h5 h6 14. Nd5 Bxd5 15. Bxf6 Qxf6 16. Qxd5 O-O 17. hxg6 c6 18. gxf7+ Rxf7 19. Qd2 Qxb2 20. O-O Qe5 21. Rad1 Rd8 22. Qe3 Qe6 23. Nf5 Bf8 24. g4 Re8 25. f3 d5 26. Rfe1 d4 27. Qf2 Qxa2 28. Kg2 Qe6 29. Rh1 Qg6 30. Rh5 Re6 31. Rdh1 Kh7 32. Qd2 Rff6 33. Kf1 Kg8 34. e5 Rxe5 35. Rxh6 Bxh6 36. Rxh6 Qxf5 37. gxf5 Rexf5 38. Qg2+ Kf7 39. Rh7+ Ke6 40. Qg8+ Ke5 41. Re7+ 1-0

[Event "45th Olympiad 2024"]
[Site "Budapest HUN"]
[Date "2024.09.15"]
[Round "5.44"]
[Board "3"]
[White "Novak, Attila Robert"]
[Black "Abdyzhapar, Asylbek"]
[Result "0-1"]
[WhiteElo "2135"]
[BlackElo "2357"]
[PlyCount "68"]
[EventDate "2024.09.11"]
[WhiteTeam "Malta"]
[BlackTeam "Kyrgyzstan"]
[WhiteTeamCountry "MLT"]
[BlackTeamCountry "KGZ"]

1. d4 Nf6 2. Nf3 e6 3. g3 c5 4. Bg2 cxd4 5. O-O d5 6. Nxd4 Bc5 7. c4 O-O 8. cxd5 Nxd5 9. Nb3 Be7 ({RR} 9... Bb6 10. Bd2 Nc6 11. Nc3 Nxc3 12. Bxc3 Qe7 13. Nd2 Rd8 14. Qc2 Bd7 15. Nc4 Bd4 16. e3 Bxc3 17. Qxc3 Rac8 {½-½ Samunenkov,I (2531)-Hracek,Z (2550) TCh-CZE Extraliga 2023-24 (8.2)}) 10. e4 Nb4 11. Nc3 N8c6 12. Qe2 $146 ({RR} 12. a3 Qxd1 13. Rxd1 Nc2 14. Rb1 e5 15. Nd5 Bg4 16. f3 Be6 17. Nxe7+ Nxe7 18. Bg5 f6 19. Nc5 Ba2 20. Rbc1 Nd4 21. Ra1 Bc4 22. Be3 Nc2 23. Bf2 Nxa1 24. Rxa1 b6 25. Na4 Be6 26. Nc3 Nc6 {0-1 Pluess,P (2168)-Gloor,R (2351) SUI-chT Switzerland 2016 (4.8)}) 12... Qd3 13. Rd1 Qxe2 14. Nxe2 e5 15. Nc3 Bg4 16. f3 Be6 17. Nd5 Nxd5 18. exd5 Rfd8 19. f4 Nb4 20. Bd2 Nxd5 21. fxe5 Rac8 22. Rac1 b6 23. Rxc8 Rxc8 24. Be4 Nb4 25. Bxb4 Bxb4 26. Kg2 g6 27. Kf3 h5 28. Ke3 a5 29. Bb1 Bf8 30. Nd4 Rd8 31. b3 Bg4 32. Rd3 Bc5 33. Ke4 Bxd4 34. Rxd4 Bf5+ 0-1

[Event "45th Olympiad 2024"]
[Site "Budapest HUN"]
[Date "2024.09.15"]
[Round "5.44"]
[Board "4"]
[White "Sezdbekov, Ruslan"]
[Black "Zerafa, Patrick"]
[Result "1-0"]
[WhiteElo "2251"]
[BlackElo "1986"]
[PlyCount "99"]
[EventDate "2024.09.11"]
[WhiteTeam "Kyrgyzstan"]
[BlackTeam "Malta"]
[WhiteTeamCountry "KGZ"]
[BlackTeamCountry "MLT"]

1. d4 Nf6 2. Nf3 d6 3. g3 Nbd7 4. Bg2 c6 5. O-O Qc7 6. Re1 ({RR} 6. Nbd2 e5 7. dxe5 dxe5 8. e4 Be7 9. a4 O-O 10. Qe2 Re8 11. b3 Nf8 12. Bb2 Ng6 13. Nc4 Bf8 14. a5 Rb8 15. Nfd2 b5 16. axb6 axb6 17. Ne3 b5 18. Nf5 Bc5 19. h4 Nf8 20. h5 h6 {0-1 Piesik,P (2417)-Henriquez Villagra,C (2588) Titled Tue 23rd Apr Early 2024 (3)}) 6... e5 7. e4 Be7 8. c3 $146 ({RR} 8. c4 O-O 9. d5 a5 10. Nc3 Nc5 11. h3 Ne8 12. g4 g6 13. Be3 Nd7 14. Ng5 Ng7 15. f4 exf4 16. Bxf4 Ne5 17. Qe2 Bd7 18. Nf3 Rae8 19. Nxe5 dxe5 20. Bg3 Rd8 21. Bf2 c5 22. a4 Qc8 {1-0 Kirillov,N (2020)-Kiseljova,M (2054) Dmitrov Summer op 2008 (5)}) ({RR} 8. Nh4 O-O 9. c3 Re8 10. Kh1 Nf8 11. h3 h6 12. Na3 Be6 13. Nc2 Rad8 14. d5 cxd5 15. exd5 Bd7 16. Ne3 Qc8 17. Kh2 N6h7 18. Nf3 f5 19. Qc2 Ng5 20. Nxg5 Bxg5 21. h4 Bf6 22. Bh3 f4 {0-1 Novais,C (1851)-Viela,A (2067) POR-chB Vila Real 2005 (1)}) ({RR} 8. b3 Nf8 9. h3 Ng6 10. Nbd2 h5 11. Bb2 h4 12. g4 Nd7 13. Nc4 f6 14. Ba3 Nb6 15. Ne3 Nf4 16. c4 g6 17. Bb2 Nd7 18. c5 dxc5 19. dxe5 Nxe5 20. Nc4 Nxc4 21. bxc4 Be6 22. Bf1 Qd7 {0-1 Sokic,D (1899)-Vranic,L (2182) Backa Topola-ch 2010 (5)}) 8... O-O 9. Nbd2 Re8 10. a4 Bf8 11. Qc2 b6 12. b3 Bb7 13. Bb2 Rad8 14. Rad1 c5 15. d5 h6 16. c4 Rb8 17. a5 b5 18. cxb5 Qxa5 19. Bf1 Qc7 20. Ra1 Ra8 21. Ra3 Nb6 22. Rea1 Bc8 23. Bc3 Bg4 24. h3 Bh5 25. Nh4 g5 26. Ng2 Bg6 27. Bd3 Be7 28. Ne3 Reb8 29. Ndc4 Qd7 30. Nxb6 Rxb6 31. g4 Rb7 32. Ra6 Rab8 33. Rc6 Bd8 34. Nc4 Ne8 35. Qe2 f6 36. Raa6 Bb6 37. Ba5 Qd8 38. Kg2 Bxa5 39. Rxa5 Rd7 40. Qa2 Rbb7 41. Raa6 Bf7 42. f3 Kf8 43. Ra4 Qb8 44. Na5 Rb6 45. Rxb6 axb6 46. Nc6 Qb7 47. Ra7 Qc8 48. Ra8 Qb7 49. Rb8 Qc7 50. Qa6 1-0